000 00659nam a2200217Ia 4500
003 GCL
008 140319s9999 xx 000 0 ara d
040 _aGCL /
_cGCL
082 0 4 _a530.4
_bب ف
100 1 _aرمسيس شحاته
245 1 0 _aالفيزياء و المكروفزياء /
_cرمسيس شحاته
700 1 _aمحمد مرسى احمد
700 1 _aدى بروليه، لويس
300 _a306 ص
490 _aالالف كتاب
_v0
650 0 4 _aالفيزياء
650 0 4 _aالكيمياء الفيزيائية
650 0 4 _aالفيزياء الذرية
650 0 4 _aالفيزياء الضوئية
942 _2ddc
_cBK
999 _c45251
_d45251